Practical Manual of Land Development /

Guardado en:
Detalles Bibliográficos
Autor principal: Colley, Barbara C. (Autor)
Formato: Libro
Lenguaje:inglés
Publicado: New York : McGraw-Hill, 2005
Edición:4. vydanie
Materias:
Etiquetas: Agregar Etiqueta
Sin Etiquetas, Sea el primero en etiquetar este registro!

MARC

LEADER 00000nam a22000003a 4500
001 0072030
003 SK-STU
005 20200121110258.5
007 ta
008 190228s ----xo-----e------000-0-----d
020 |a 0-07-144866-7 
040 |a STU  |b slo 
041 0 |a eng 
044 |a xxu 
100 1 |a Colley, Barbara C.  |4 aut 
245 1 0 |a Practical Manual of Land Development /  |c aut. Barbara C Colley 
250 |a 4. vydanie 
260 |a New York :  |b McGraw-Hill,  |c 2005 
300 |a 347 s. 
650 0 7 |a urbanistický manažment 
650 0 7 |a územné plánovanie miest 
650 0 7 |a výstavba 
996 |b 284AU07981  |c A* 11241/U  |l AAKNAR  |s A  |a 24  |w 0072030_0001